Normal view
MARC view
Entry Nome pessoal
001 - NÚMERO DE CONTROLE
- campo de controle: 197
003 - IDENTIFICADOR DO NÚMERO DE CONTROLE
- campo de controle: OSt
005 - DATA E HORÁRIO DA ÚLTIMA TRANSAÇÃO
- campo de controle: 20250123140529.0
008 - CAMPO DE DADOS FIXOS
- campo de controle de tamanho fixo: 250123|| aca||aabn | a|a d
040 ## - FONTE DA CATALOGAÇÃO
- Instituição da catalogação original: OSt
100 ## - CABEÇALHO--NOME PESSOAL
- Nome pessoal: Burnat, Jean
- Datas associadas ao nome: 1918-1977
670 ## - FONTE POSITIVA DOS DADOS
- Citação da fonte positiva dos dados: Seu pai era receptor PTT 3 . Seu irmão é o romancista André Burnat . É tio do jornalista Patrice Burnat . Em 1944, publicou seu primeiro romance em Genebra, um romance policial: Corpse Error 3 . Sua esposa Elisabeth, autora de Idiote querida , Sissi Imperatriz da Áustria co-escreveu alguns desses livros 4 . Foi campeão dos jogos de rádio e televisão: “ Quitte ou double (broadcast) 5 ” e “ Résponse à tout ” que eram muito populares na França 4 . Também escreveu no gênero Literatura Infantil e Juvenil .